000 01700cam a22003978i 4500
005 20200320212900.0
008 171024s2018 nyu a 000 1 eng
020 _a9781481458467 (hardback)
040 _aDLC
_beng
_erda
_cDLC
_dCTMM
050 0 0 _aPZ8.3.R4714
_bIaf 2018
082 0 0 _a[E]
_223
100 1 _aRille, Lauren,
_eauthor.
_95978469
245 1 0 _aI feel teal /
_cLauren Rille ; illustrated by Aimee Sicuro.
250 _aFirst edition.
264 1 _aNew York :
_bBeach Lane Books,
_c[2018]
264 2 _aOld Saybrook, Connecticut :
_bwww.micromarketing.org
300 _apages cm
336 _atext
336 _astill image
337 _aunmediated
338 _avolume
500 _a[Typographic symbols and accents removed for systems compatibility.]
520 _aEncourages the reader to enjoy all of the colors, representing feelings, that may be experienced in the course of a day.
588 _aTitle and description based on researched data; resource not viewed.
650 1 _aStories in rhyme.
_95978470
650 1 _aEmotions
_vFiction.
_95978471
650 1 _aColor
_vFiction.
_95674644
650 7 _aJUVENILE FICTION / Social Issues / Emotions & Feelings.
_2bisacsh
_95683753
650 7 _aJUVENILE FICTION / Concepts / Colors.
_2bisacsh
_95687177
650 7 _aJUVENILE FICTION / Stories in Verse.
_2bisacsh
_95717143
700 1 _aSicuro, Aimee,
_d1976-
_eillustrator.
_95978472
942 _cBOOK
_012
948 _a09/18/2018
_zSirsi
949 _nwww.MicroMarketing.org 800-229-9887
996 _a154048
_b34301001560293
_cE
_dbk
_ewcl
_fi
_g12
_h17.99
_lmicro
_mRil
_p09/18/2018
_q03/03/2020
_r02/12/2020
999 _c311681
_d311680